ბათუმის შოთა რუსთაველის სახელმწიფო უნივერსიტეტის ბიბლიოთეკა

აღმოაჩინე შენი გზა სკაუტინგში = Fing your way in scouting / (ბიბ.ჩანაწერი № 61888)

000 -ლიდერი
ფიქსირებული სიგრძის საკონტროლო ველი 01785nam a22002537a 4500
003 - საკონტროლო ნომრის იდენტიფიკატორი
საკონტროლო ველი Ge_BSU
005 - ბოლო ოპერაციის თარიღი და დრო
საკონტროლო ველი 20240603170101.0
008 - ფიქსირებული სიგრძის მონაცემთა ელემენტები - ზოგადი ინფორმაცია
ფიქსირებული სიგრძის საკონტროლო ველი 240603s2024 ge ||||| |||| 00| 0 geo d
041 ## - ენის კოდი
Language code of text/sound track or separate title geo
080 ## - უნივერსალური ათობითი კლასიფიკაციის ინდექსი
Universal Decimal Classification number 061.213-055.1/.3(479.22) ლ-81
100 ## - მთავარი ჩანაწერი - პიროვნების სახელი
Personal name ლომაძე, შორენა
9 (RLIN) 22297
245 ## - ცნობა სათაურის შესახებ
Title აღმოაჩინე შენი გზა სკაუტინგში = Fing your way in scouting /
Statement of responsibility, etc შემდგენელი შორენა ლომაძე ; წიგნზე მუშაობდნენ: ლილე კონცელიძე, ნათია გეგუჩაძე, მაიკო ბერიძე, სოფიო ბურნაძე.
264 ## - წარმოების, გამოცემის, დისტრიბუციის და სხვა ცნობები
გამოცემის, წარმოების, დისტრიბუციის... ადგილი ბათუმი :
გამოცემის, წარმოების, დისტრიბუციის... სახელწოდება საქართველოს სკაუტური მოძრაობის აჭარის ორგანიზაცია,
გამოცემის, წარმოების, დისტრიბუციის... თარიღი 2021.
300 ## - ფიზიკური აღწერა
Extent 124 გვ. :
Other physical details ილ. ;
Dimensions 21 სმ.
500 ## - ზოგადი შენიშვნა
General note გარეკანი და თავფურცელი ქართულ და ინგლისურ ენებზე, ტექსტის ნაწილი ინგლისურ ენაზე.
653 ## - INDEX TERM--UNCONTROLLED
Uncontrolled term სკაუტერის მოძრაობა საქართველოში
700 ## - ADDED ENTRY--PERSONAL NAME
Personal name ბოლქვაძე, ანა
Relator term ილუსტრატორი.
9 (RLIN) 22298
700 ## - ADDED ENTRY--PERSONAL NAME
Personal name კონცელიძე, ლილე
Relator term ავტორი
9 (RLIN) 22299
700 ## - ADDED ENTRY--PERSONAL NAME
Personal name გეგუჩაძე, ნათია
Relator term ავტორი
9 (RLIN) 22300
700 ## - ADDED ENTRY--PERSONAL NAME
Personal name ბერიძე, მაიკო.
Relator term ავტორი
9 (RLIN) 22301
710 ## - ADDED ENTRY--CORPORATE NAME
Corporate name or jurisdiction name as entry element ბურნაძე, სოფიო.
Subordinate unit ავტორი
9 (RLIN) 22302
773 ## - HOST ITEM ENTRY
Title ნაჩუქარი
942 ## - ADDED ENTRY ELEMENTS (KOHA)
Source of classification or shelving scheme
Koha item type წიგნი
ეგზემპლარები
ჩამოწერის სტატუსი დაკარგული ეგზემპლარის სტატუსი კლასიფიკაციის წყარო ან თაროზე გაწყობის სქემა დაზიანების სტატუსი არ გაიცემა მუდმივი მდებარეობა (დაცვის ადგილი) ამჟამინდელი ადგილსამყოფელი თაროზე განთავსების ადგილი შეძენის თარიღი ღირებულება, შესყიდვის ნორმალური ფასი სრული შენახვის შიფრი შტრიხკოდი ბოლო ოპერაციის თარიღი ეგზემპლარის მიმდევრობითი ნომერი (კეტერი?) ფასის ძალაში შესვლის თარიღი ეგზემპლარის სახეობა საჯარო შენიშვნა
          ბათუმის შოთა რუსთაველის სახელმწიფო უნივერსიტეტის მთავარი ბიბლიოთეკა ბათუმის შოთა რუსთაველის სახელმწიფო უნივერსიტეტის მთავარი ბიბლიოთეკა წიგნსაცავი 2024-06-03 7.00 061.213-055.1/.3(479.22) ლ-81 65955 2024-06-03 65955 2024-06-03 წიგნი 7 ლ.